000 00573nam a2200217Ia 4500
003 OSt
005 20230624113035.0
008 210423s9999 xx 000 0 und d
020 _a9780070597846
040 _cAL
041 _aeng
082 _a514
_223
_bSIMG
100 _aSIMMONS (George F)
_993875
245 _aIntroduction to topology and modern analysis
260 _bTata McGraw-hill
_aDelhi
_c2010
300 _axv,372
_bPB
365 _b425
_cINR
650 _aTopology
_993876
906 _aanalysis. ; Introduction ; modern ; topology
942 _2ddc
_cBK
999 _c161189
_d161189